Case studies in star formation : (Record no. 172186)

MARC details
000 -LEADER
fixed length control field 01104nam a22002897a 4500
003 - CONTROL NUMBER IDENTIFIER
control field OSt
005 - DATE AND TIME OF LATEST TRANSACTION
control field 20250820102736.0
008 - FIXED-LENGTH DATA ELEMENTS--GENERAL INFORMATION
fixed length control field 250708b |||||||| |||| 00| 0 eng d
020 ## - INTERNATIONAL STANDARD BOOK NUMBER
International Standard Book Number 9781009277440 (Hardcover)
Terms of availability USD 73.00
040 ## - CATALOGING SOURCE
Original cataloging agency NUST
Language of cataloging eng
Transcribing agency NUST
Modifying agency NUST
Description conventions rda
050 ## - LIBRARY OF CONGRESS CALL NUMBER
Classification number QB806 MAC
100 ## - MAIN ENTRY--PERSONAL NAME
Personal name Mackay, Duncan
Relator term Author
245 ## - TITLE STATEMENT
Title Case studies in star formation :
Remainder of title a molecular astronomy perspective /
Statement of responsibility, etc. Duncan Mackay, mark Thompson and James Urquhart.
260 ## - PUBLICATION, DISTRIBUTION, ETC.
Name of publisher, distributor, etc. Cambridge University Press,
Date of publication, distribution, etc. ©2023.
Place of publication, distribution, etc. United Kingdom :
300 ## - PHYSICAL DESCRIPTION
Extent xv, 321 pages :
Other physical details Illustrations ;
Dimensions 25 cm.
336 ## - CONTENT TYPE
Source rdamedia
Content type term text
Content type code txt
337 ## - MEDIA TYPE
Source rdamedia
Media type term unmediated
Media type code n
338 ## - CARRIER TYPE
Source rdamedia
Carrier type term volume
Carrier type code nc
440 ## - SERIES STATEMENT/ADDED ENTRY--TITLE
Title Cambridge observing handbooks for research astronomers.
504 ## - BIBLIOGRAPHY, ETC. NOTE
Bibliography, etc. note Includes bibliographical references and index.
650 ## - SUBJECT ADDED ENTRY--TOPICAL TERM
Form subdivision SCIENCE Physics Astrophysics.
650 ## - SUBJECT ADDED ENTRY--TOPICAL TERM
Form subdivision Science Astronomy .
650 ## - SUBJECT ADDED ENTRY--TOPICAL TERM
Form subdivision Descriptive astronomy .
700 ## - ADDED ENTRY--PERSONAL NAME
Personal name Thompson, Mark
Relator term Author
700 ## - ADDED ENTRY--PERSONAL NAME
Personal name Urquhart, James
Relator term Author
942 ## - ADDED ENTRY ELEMENTS (KOHA)
Source of classification or shelving scheme Library of Congress Classification
Koha item type Ordinary Loan Books
Classification part QB806 MAC
Call number prefix QB
Call number suffix MAC
Suppress in OPAC No
Holdings
Withdrawn status Lost status Source of classification or shelving scheme Damaged status Not for loan Collection Home library Current library Shelving location Date acquired Source of acquisition Cost, normal purchase price Total Checkouts Full call number Barcode Date last seen Accession number Cost, replacement price Price effective from Koha item type Public note
    LCC     NFIC MAIN MAIN GEN 07/08/2025 Book Aid International 73.00   QB806 MAC 92004055431 07/08/2025 61644 73.00 07/08/2025 BOOKS Donation